ALIBABA (THE HOUSE THAT JACK MA BUILT) (Record no. 12310)

MARC details
000 -LEADER
fixed length control field 00280nam a22000977a 4500
008 - FIXED-LENGTH DATA ELEMENTS--GENERAL INFORMATION
fixed length control field 230607b |||||||| |||| 00| 0 eng d
020 ## - INTERNATIONAL STANDARD BOOK NUMBER
International Standard Book Number 9780062413406
100 ## - MAIN ENTRY--PERSONAL NAME
Personal name CLARK DUNCAN
9 (RLIN) 7678
245 ## - TITLE STATEMENT
Title ALIBABA (THE HOUSE THAT JACK MA BUILT)
260 ## - PUBLICATION, DISTRIBUTION, ETC. (IMPRINT)
Place of publication, distribution, etc. INDIA
Name of publisher, distributor, etc. THOMAS PRESS INDIA LTD
Date of publication, distribution, etc. 2016
Holdings
Withdrawn status Lost status Source of classification or shelving scheme Damaged status Koha normalized classification for sorting Not for loan Home library Current library Shelving location Date acquired Total Checkouts Full call number Barcode Date last seen Date last checked out Price effective from Koha item type
    Dewey Decimal Classification   CLA_381_000000000000000   Good Samaritan School Library Good Samaritan School Library Biography 06/07/2023 3 CLA381 CLA17598 07/18/2025 07/15/2025 06/07/2023 BOOK

Powered by Koha